Transcending the regional trappings of natural rubber cultivation and challenges of evolving a national rubber policy in India (Record no. 71462)

MARC details
000 -LEADER
fixed length control field 00512nam a2200145Ia 4500
100 ## - MAIN ENTRY--AUTHOR NAME
Personal name George K.T
245 #0 - TITLE STATEMENT
Title Transcending the regional trappings of natural rubber cultivation and challenges of evolving a national rubber policy in India
260 ## - PUBLICATION, DISTRIBUTION, ETC. (IMPRINT)
Name of publisher Rubber Research Institute of India, Kottayam, India, 23p.
500 ## - GENERAL NOTE
General note Source Year: 2015
650 ## - SUBJECT ADDED ENTRY--TOPICAL TERM
Topical Term National rubber policy
650 ## - SUBJECT ADDED ENTRY--TOPICAL TERM
Topical Term Regional tapping
650 ## - SUBJECT ADDED ENTRY--TOPICAL TERM
Topical Term Rubber cultivation
942 ## - ADDED ENTRY ELEMENTS (KOHA)
Koha item type Journals
Holdings
Withdrawn status Lost status Damaged status Not for loan Home library Current library Shelving location Date acquired Koha item type
      Journals RRII Library RRII Library Economics 17/12/2021 Journals